[Event "EU-ch 12th"]
[Site "Aix les Bains"]
[Date "2011.04.01"]
[Round "10"]
[White "Vuckovic, Bojan"]
[Black "Manolache, Marius"]
[Result "1-0"]
[WhiteElo "2626"]
[BlackElo "2546"]
[Annotator "Marchand,A/Primel,D"]
[PlyCount "73"]
[EventDate "2011.03.22"]
[EventType "swiss"]
[EventRounds "11"]
[EventCountry "FRA"]
[SourceTitle "CBM 142 Extra"]
[Source "ChessBase"]
[SourceDate "2011.06.27"]
[SourceVersion "1"]
[SourceVersionDate "2011.06.27"]
[SourceQuality "1"]
[TimeControl "40/5400+30:1800+30"]

1. e4 c5 2. Nf3 e6 3. d4 cxd4 4. Nxd4 a6 5. Nc3 Qc7 (5... b5 6. Bd3 Qb6 7. Nf3
$1 Qc7 8. O-O Bb7 9. Re1 Be7 10. Bg5 Bxg5 $11 {Areshchenko,A (2688)-Pantsulaia,
L (2595) EU-ch 13th Plovdiv 2012 (6) 0-1}) 6. Bd3 Nf6 (6... Bd6 7. Qg4 (7. Be3
Nf6 8. g4 $13) 7... Be5) 7. O-O Bc5 $5 (7... Nc6 {[%cal Gc6e5] Retombe sur une
Taimanov}) (7... b5) 8. Nb3 (8. Be3 {pose moins de problèmes aux Noirs pour
égaliser} d6 9. Qe2 (9. Qf3 Nbd7 10. Qg3 {[%csl Rg7]} O-O 11. Nce2 Kh8 12. Bg5
h6 13. Qh4 Nh7 $13 {Djukic,N (2523)-Pikula,D (2530) SCG-ch 2nd Pancevo 2006 (2)
1/2}) 9... Nbd7 10. f4 b5 11. Nb3 Bxe3+ (11... b4 $5 12. Na4 (12. Nd1 Bb7 13.
Nxc5 Nxc5 {[%csl Re4]}) 12... Bxe3+ 13. Qxe3 Qc6) 12. Qxe3 O-O $11 {Luecke,N 
(2415)-Bischoff,K (2500) Altensteig 1989 1/2}) 8... Be7 (8... Ba7 {
L'alternative et au vu de la partie, cette variante Ba7 semble nettement plus
solide que Be7} 9. Qe2 {[%cal Gc1e3]} d6 10. Be3 Bxe3 (10... Nc6 11. Bxa7 Rxa7
12. f4 b5 13. a4 b4 14. Nd1 a5 (14... e5 15. Ne3 {[%csl Gd5]} Be6 16. Bxa6 $13)
(14... O-O 15. a5 {[%csl Ra6]})) 11. Qxe3 Nc6 12. f4 O-O (12... b5 13. Rae1 {
[%cal Ge4e5]}) 13. Rae1 b5 (13... Nb4 14. e5 $1) (13... g6 $5) 14. Kh1 (14. e5
dxe5 15. fxe5 Nd7 16. Qe4 g6 17. Rf3 Ndxe5) 14... Bb7 15. Rf3 b4 16. Na4 Rac8
17. Rh3 (17. Rg3 {[%cal Gf4f5,Ge3g5]}) 17... e5 $1 $11 18. f5 Ne7 {[%cal Gd6d5]
} (18... d5) 19. Rg3 (19. c3 Bc6 {[%csl Ra4]}) 19... Kh8 (19... d5 20. Qg5) 20.
Qg5 Rg8 {[%csl Ra4][%cal Gb7c6]} 21. Nd2 {[%cal Gb2b3]} Bc6 22. b3 d5 $17) 9.
f4 d6 10. e5 $1 {86 Une variante trés dangereuse pour les Noirs} (10. Qf3 {
La grande ligne}) (10. Qe2 Nbd7 11. Bd2 b5 12. Rae1 b4 13. Nd1 Bb7 14. Nf2 a5
$132 {Gdanski,J (2540)-Movsesian,S (2640) MK Cafe Cup-A 1998 (5) 0-1}) (10. a4
Nc6 (10... b6) 11. a5 $1 b5 12. axb6 Qxb6+ 13. Kh1 $14 {Ponomariov,R (2738)
-Ivanchuk,V (2731) RUS-chT 13th 2006 (6) 1/2}) 10... dxe5 {79} 11. fxe5 Qxe5 {
Risqué} (11... Nfd7 {Plus solide mais les Blancs ont des bonnes compensations}
12. Qg4 $36 g6 13. Bh6 $1 (13. Bf4 Nxe5 14. Qg3 Nbd7 {Diu,V (2475)-Zakhartsov,
V (2578) RUS-ch Higher League 64th 2011 (3) 1-0} (14... Nbc6 $142 15. Rae1 f6
$8 16. Be4 (16. Ne4) 16... Bd7 17. Bxc6 Qb6+ {Sipos,I (2482)-Feuerstack,A 
(2395) Winterthur op 9th 2009 (5) 1-0} (17... Qxc6 18. Bxe5 fxe5 19. Qxe5 O-O-O
))) 13... Nxe5 14. Qg3 $44 {[%csl Re5][%cal Gg3c7,Gh6g7,Gg7e5,Gg7h8];Zinchenko,
Y (2544)-Filip,L (2470) Paleochora op 3rd 2010 (4) 1-0}) 12. Bf4 $44 Qh5 13.
Be2 Qg6 (13... Qh4 $6 14. g3 Qh3 15. Ne4 $1 {[%csl Rh3][%cal Ge2g4]}) 14. h4 $1
$146 {[%csl Rg6] C'est quasiment la réfutation de la variante Bc5!} (14. Bd3 {
Bok,B (2430)-Van Wely,L (2653) NED-ch65 Eindhoven 2010 (4) 1/2}) 14... h5 {
[%csl Gg5]} (14... e5 15. h5 (15. Bxe5 Nc6)) (14... h6 15. h5 Qh7 {[%csl Rh7]})
15. Bg5 {82} Ng4 {49} 16. Bd3 (16. Bxe7 {Plus simple pour profiter de l'avance
de développement} Kxe7 17. Qd4 Rd8 18. Qc5+ Ke8 19. Bd3 $32 {[%csl Ra8,Rb8,Rc8]
}) 16... f5 17. Bxe7 Kxe7 18. Qe2 {[%cal Ge2e7,Gd3f5]} Kf7 (18... Kf8 $6 {
[%csl Rh8]}) 19. Ne4 $1 {[%csl Gg5][%cal Ge4g5]} Rd8 (19... Nc6 $142) 20. Ng5+
Kf8 $6 (20... Kg8 $142 21. Rae1 Nc6) 21. Nc5 {[%csl Rb7,Re6]} Re8 {Accentuant
le retard de développement} 22. Rae1 $18 e5 23. Bxf5 Bxf5 24. Rxf5+ Kg8 25.
Qc4+ Kh8 26. Nf7+ Kh7 27. Rg5 b5 28. Qd5 Qc6 29. Rxh5+ Nh6 30. Qd3+ Kg8 31.
Nxh6+ gxh6 32. Rhxe5 Rxe5 33. Rxe5 Ra7 34. Qd8+ Kh7 35. Qxb8 Rg7 36. Ne4 Qg6
37. g3 {Une partie d'intérêt théorique} 1-0

[Event "GBR-ch 98th"]
[Site "Sheffield"]
[Date "2011.08.03"]
[Round "9"]
[White "Howell, David"]
[Black "Ansell, Simon"]
[Result "1-0"]
[WhiteElo "2625"]
[BlackElo "2410"]
[Annotator "Martin,A"]
[PlyCount "69"]
[EventDate "2011.07.24"]
[EventType "swiss"]
[EventRounds "11"]
[EventCountry "ENG"]
[SourceTitle "CBM 143 Extra"]
[Source "ChessBase"]
[SourceDate "2011.08.29"]
[SourceVersion "1"]
[SourceVersionDate "2011.08.29"]
[SourceQuality "1"]

1. e4 c5 2. Nf3 e6 3. d4 cxd4 4. Nxd4 a6 5. Nc3 b5 {One of the sharper
Taimanov lines, which White has to play carefully against to have any hope of
advantage. Systems with g3, Be2 and Be3 are not very good now, so to start
with White should play Bd3.} 6. Bd3 Bb7 7. O-O Nc6 8. Nxc6 Bxc6 9. Re1 (9. Qe2
Ne7 10. Bd2 Ng6 11. a4 b4 12. Nd5 a5 13. c3 b3 14. g3 Bd6 15. Ne3 O-O 16. Nc4
Bc5 17. Be3 Qe7 18. Nd2 Ne5 19. Bxc5 Qxc5 20. Nxb3 Qd6 21. Bb5 f5 22. f4 Ng4
23. e5 Qd5 {Ponomariov,R (2727)-Vallejo Pons,F (2629)/Linares 2002} 24. Bxc6
Qxc6 25. Nd4 $18) 9... Bc5 10. e5 $1 (10. Be3 {should also leave White with
some advantage, as the exchange of dark-squared bishops is surely in his
favour:} Bxe3 (10... Qb6 11. Qh5 Bxe3 12. Rxe3 Nf6 13. Qg5 $36) 11. Rxe3 Ne7
12. Qg4 Ng6 13. e5 Qh4 14. Qxh4 Nxh4 15. Rg3 Ng6 16. Re1 $14) 10... Qb6 $5 $146
{Black doesn't have an easy time of it however he plays:} (10... f5 11. Qh5+ g6
12. Qh3 Kf7 13. Be3 Qb6 14. Qh4 b4 15. Nd1 h6 16. a3 a5 17. Bxc5 Qxc5 18. axb4
axb4 19. Rxa8 Bxa8 20. Ne3 g5 21. Qh5+ Kg7 22. h4 Ne7 23. hxg5 Rh7 24. Ng4 hxg5
25. Qxg5+ {Caspi,I (2460)-Paljusaj,E (2316)/Rijeka 2010 1-0 (31)}) (10... Qh4
11. Be3 (11. Ne4 Bxe4 12. Rxe4 Qxf2+ 13. Kh1 Ba7 14. a4 bxa4 15. Rexa4 Bb8 16.
Rf4 Qc5 17. Rc4 Qd5 18. Rc8+ Ke7 19. Bg5+ f6 20. Qh5 Qxe5 21. Qe8+ Kd6 22. Bd2
Qxb2 23. Rd1 Ne7 24. Bf4+ {1-0 Caspi,I (2427)-Kantsler,B (2468)/Israel 2010})
11... Bxe3 12. Rxe3 f5 13. g3 Qd4 14. Bf1 Qxd1 {1/2-1/2 Haimovich,T (2425)
-Kantsler,B (2487)/Herzliya 2008}) 11. Qe2 f5 12. a4 b4 13. a5 $1 {A very
significant move, which makes the a6-pawn vulnerable for the rest of the game.
Initially, it provokes a forced sequence.} Bxf2+ (13... Qb7 {is just no good.}
14. Na4 Bxa4 (14... Bd4 15. Qh5+ $1 g6 16. Qh4 $16) 15. Rxa4 $16) 14. Qxf2
Qxf2+ 15. Kxf2 bxc3 16. bxc3 (16. Rb1 cxb2 17. Rxb2 Ne7 18. Bd2 O-O 19. Rb6 Be4
$1 20. Rxa6 Rxa6 21. Bxa6 Nc6 {lets Black off the hook, to an extent.}) 16...
Ne7 17. c4 Kf7 18. g3 (18. Rb1 $1 {looks pretty good too:} h6 19. Bd2 g5 20.
Rb6 $16 Nc8 21. Rb3 Ne7 22. g3) 18... h6 19. h4 (19. Rb1 {again.}) 19... g5 $1
{A spirited attempt to get counterplay and probably the only good move} 20.
hxg5 (20. h5 Rhb8 21. Bd2 Rb2 22. Reb1 Rab8 23. Rxb2 Rxb2 24. c5 Nd5 $13) 20...
hxg5 21. Bxg5 Rh2+ (21... Ng6 22. Bf4 Nxf4 23. gxf4 Rh3 $132) 22. Ke3 Rg8 23.
Bf4 Ng6 24. Kd4 {Howell's play with the king from now on is extraordinary.}
Nxf4 25. gxf4 Rh4 26. Rf1 Rb8 27. Kc5 Ke7 28. Rf2 Kd8 29. Kd6 $1 {With both
players getting short of time this is a very courageous decision.} Rc8 $2 $138
(29... Bf3 $1 30. Rg1 Bg4 31. Kc5 Kc7 {was the way to keep the game going.})
30. Rb1 {He finally gets around to playing Rb1 and it is almost immediately
decisive.} Rh1 (30... Ba8 31. Rb6 Rc6+ 32. Rxc6 Bxc6 33. c5 $18 Bb7 34. Rf1 Rg4
35. c6 $1 Bxc6 36. Bxa6 $18) 31. Rb6 $1 Be4 32. c5 Rb1 (32... Rd1 33. Rh2 $18)
33. Rxa6 Bxd3 34. Rh2 {The killer blow.} Bxa6 35. Rh8# 1-0

[Event "Metz op 30th"]
[Site "Metz"]
[Date "2012.04.23"]
[Round "2"]
[White "Libiszewski, Fabien"]
[Black "Zubarev, Alexander2"]
[Result "0-1"]
[WhiteElo "2523"]
[BlackElo "2597"]
[Annotator "Metz Alekhine/Primel,D"]
[PlyCount "78"]
[EventDate "2012.04.14"]
[EventType "swiss"]
[EventRounds "9"]
[EventCountry "FRA"]
[SourceTitle "EXT 2013"]
[Source "ChessBase"]
[SourceDate "2012.11.22"]
[SourceVersion "1"]
[SourceVersionDate "2012.11.22"]
[SourceQuality "1"]

1. e4 c5 2. Nf3 e6 3. d4 cxd4 4. Nxd4 a6 5. Nc3 Qc7 6. Bd3 Ne7 $5 {Une ligne
secondaire inspirée de la manoeuvre de Taimanov pour éliminer le Nd4} (6... Nf6
7. f4 d6 8. Qf3 b5 9. a3 Bb7 10. g4 Nfd7 11. Be3 g6 12. O-O Bg7 13. Rad1 O-O
14. f5 Nc6 15. Nxc6 Qxc6 16. Qh3 Rae8 17. Bh6 Qc5+ 18. Kh1 exf5 19. gxf5 Nf6
20. Rde1 Bxh6 21. Qxh6 Qe5 22. Kg1 Re7 23. Qh4 Kg7 24. Re2 h6 25. fxg6 fxg6 26.
Ref2 Ref7 27. Qg3 Qxg3+ 28. hxg3 Ng4 29. Rxf7+ Rxf7 30. Rxf7+ Kxf7 31. Be2 Nf6
32. Bd3 g5 33. Kf2 Ke6 34. Ke3 Ke5 35. b4 h5 36. a4 {Bologan,V (2681)-Ivanchuk,
V (2766) Beijing 2012 0-1}) 7. f4 Nbc6 8. Nxc6 {Simplifie le développement des
Noirs} (8. Nb3 $1 Ng6 9. O-O Be7 10. Be3 O-O {Jansa,V (2480)-Taimanov,M (2590)
Sukhumi 1972 (10) 0-1}) 8... Nxc6 9. O-O b5 10. Kh1 Be7 11. b3 $6 {Un sérieux
affaiblissement de l'aile-dame} (11. Qg4 $142 O-O 12. f5 Ne5 13. Qg3 f6 (13...
d6 $2 14. Bh6 (14. f6 $40)) 14. Bf4 Bb7) 11... Nb4 12. Bb2 Nxd3 13. cxd3 O-O
14. Qg4 f6 $1 15. Rac1 $32 {[%cal Gc3d5]} Qb6 16. f5 Bb7 17. Ne2 {[%csl Re6]
[%cal Ge2f4]} Rac8 $11 18. Nf4 exf5 19. Qxf5 Rxc1 20. Bxc1 (20. Rxc1 Qd6) 20...
Qd6 21. Be3 Rf7 22. Rc1 {Les pièces Blanches sont un peu plus actives mais le
potentiel dynamique de la paire de B ne doit pas être négligée} Qe5 $1 23. Qxe5
(23. Qxd7 $2 Ba3) 23... fxe5 $15 24. Ne2 Ba3 $1 {[%csl Rc1,Rh1]} 25. Rd1 d5 $1
$36 {La paire de B commence а jouer et les Blancs sont maintenant privés de
contre-jeu} 26. exd5 Bxd5 27. d4 (27. Kg1) 27... Re7 {[%csl Re2]} 28. Nc3 Bb7
29. Kg1 Rc7 (29... Bb2 $40 {[%csl Rc3,Rd4]}) 30. Nb1 Bb2 31. d5 Rd7 32. d6 Bd4
33. Bxd4 Rxd6 34. Nc3 exd4 35. Ne2 d3 36. Nf4 d2 37. Kf2 g5 38. Nh3 h6 39. g3
$4 Bc8 {[%csl Rd1,Rh3][%cal Gc8h3,Gc8g4]} 0-1

[Event "Metz op 30th"]
[Site "Metz"]
[Date "2012.04.23"]
[Round "1"]
[White "Zubarev, Alexander2"]
[Black "Philippe, Christophe"]
[Result "1-0"]
[WhiteElo "2597"]
[BlackElo "2413"]
[Annotator "Metz Alekhine/Primel,D"]
[PlyCount "45"]
[EventDate "2012.04.14"]
[EventType "swiss"]
[EventRounds "9"]
[EventCountry "FRA"]
[SourceTitle "EXT 2013"]
[Source "ChessBase"]
[SourceDate "2012.11.22"]
[SourceVersion "1"]
[SourceVersionDate "2012.11.22"]
[SourceQuality "1"]

1. e4 c5 2. Ne2 Nc6 3. d4 cxd4 4. Nxd4 e6 5. Nc3 a6 6. f4 $5 {Une variante
trés agressive} Qc7 7. Nxc6 (7. Be3 {L'alternative}) 7... Qxc6 8. Bd3 b5 (8...
Bc5 $5 {[%csl Rf2,Rg1]} 9. Qe2 {[%cal Gc1e3]} (9. Qg4 {[%csl Rg7]})) 9. Qe2 {
[%cal Gc3d5,Ge2e8]} Bb7 10. O-O (10. Bd2 $32) 10... b4 {Risqué avec un tel
retard de développement} (10... Nf6 $142 11. e5 (11. a3) 11... b4 12. exf6 bxc3
13. fxg7 Bxg7 14. b3 Bd4+ 15. Kh1 Rg8 16. Rf3 Qxf3 {0-1 (16) Ermenkov,E (2471)
-Nikolov,S (2354) Mizia 2002}) 11. Nd5 $1 {[%cal Ge2e8]} Ne7 {Menace de
prendre le N} 12. c4 $1 $146 {Une forte nouveauté théorique} (12. Ne3 Ng6 13.
f5 Ne5 14. Kh1 Be7 15. Bd2 a5 16. fxe6 Qxe6 17. Nd5 Bd8 18. Rf5 O-O 19. c4 Re8
20. Bc2 Rc8 21. b3 Nc6 22. Qf2 Ne5 23. Rf1 f6 24. Qg3 Ng6 25. Bd3 Rc6 26. h4
Qd6 27. Bf4 Nxf4 28. R1xf4 Kh8 29. Rh5 Re5 30. Qg6 h6 31. Rxh6+ gxh6 32. Qxh6+
Kg8 33. Rg4+ Rg5 34. hxg5 fxg5 35. Rxg5+ Bxg5 36. Qxg5+ Kh8 37. Qd8+ Kg7 38. e5
Qf8 39. Qg5+ Kh8 40. Nf6 Rxf6 41. exf6 Qf7 {Lazarevic,M-Konarkowska Sokolov,H
Split 1963 1-0}) 12... exd5 {Courageux mais le GMI va obtenir des bonnes
compensations} 13. exd5 Qf6 14. f5 $1 $44 {[%csl Rf6][%cal Gc1f4,Gf4e5] Un
coup trés fort et la Qf6 commence а manquer d'espace} Kd8 (14... O-O-O $5 15.
Be3 d6 16. a3) 15. Be3 {[%cal Ge3b6]} Nc8 16. Rad1 a5 17. c5 $1 {[%cal Gc5c6]}
Ba6 $2 {Trop lent} (17... Bxd5 18. Bb5 $13 (18. c6 Bxc6)) 18. d6 {[%csl Rf8]
Coupant l'échiquier en deux} Bxd3 19. Qxd3 $18 h6 $2 20. Bd4 Qh4 21. Rfe1 f6
22. Qf3 Rb8 23. Re4 1-0

[Event "Copenhagen Aruna"]
[Site "Copenhagen"]
[Date "1997.05.11"]
[Round "9"]
[White "Aagaard, Jacob"]
[Black "Mortensen, Erling"]
[Result "0-1"]
[WhiteElo "2440"]
[BlackElo "2450"]
[Annotator "Meulders,R"]
[PlyCount "44"]
[EventDate "1997.04.02"]
[EventType "tourn"]
[EventRounds "9"]
[EventCountry "DEN"]
[EventCategory "10"]
[SourceTitle "CBM 059"]
[Source "ChessBase"]
[SourceDate "1997.08.01"]
[SourceVersion "1"]
[SourceVersionDate "1997.08.01"]
[SourceQuality "1"]

1. e4 c5 2. Nf3 e6 3. d4 cxd4 4. Nxd4 a6 5. Nc3 Qc7 6. Be2 b5 7. f4 Bb7 8. Bf3
Nc6 9. Nxc6 Bxc6 10. O-O Bc5+ 11. Kh1 b4 12. Ne2 Nf6 13. Ng3 h5 14. Re1 (14. e5
h4 (14... Ng4 15. Bxg4 hxg4 16. Qxg4 O-O-O 17. Bd2 Rh7 18. Rfe1 Rdh8 19. Nf1
Bb5 20. h3 f5 21. exf6 gxf6 $13) 15. Nf5 exf5 16. exf6 gxf6 17. Bd2 $14) 14...
h4 15. Nf1 h3 16. g4 (16. g3 Qb7 17. Qe2 d5 18. e5 (18. exd5 Nxd5 $15) 18...
Ng4 $1) 16... Qb7 17. Nd2 (17. Ng3 Bf2 $17) 17... d5 18. Qe2 $4 (18. e5 Ne4 19.
Re2 Nf2+ 20. Rxf2 Bxf2 21. Qe2 Ba7 $15) 18... dxe4 19. Nxe4 Nxe4 20. Bxe4 O-O-O
$3 $19 {Uberraschend aber eigentlich einfach (und tödlich). Es droht 21...Bxe4
22.Qxe4 Qxe4 23.Rxe4 Rd1 24.Re1 Rxe1 Matt. Wegen der Schwache der untersten
Reihe kann Weiss sich nicht mehr verteidigen. Er wählt daher Selbstmord.} 21.
Bg2 hxg2+ 22. Qxg2 Bxg2# 0-1

[Event "EU-ch (Women) 13th"]
[Site "Gaziantep"]
[Date "2012.03.04"]
[Round "3"]
[White "Paikidze, Nazi"]
[Black "Muzychuk, Mariya"]
[Result "1/2-1/2"]
[WhiteElo "2406"]
[BlackElo "2490"]
[Annotator "Mikhalchishin,A"]
[PlyCount "93"]
[EventDate "2012.03.02"]
[EventType "swiss"]
[EventRounds "11"]
[EventCountry "TUR"]
[SourceTitle "CBM 147 Extra"]
[Source "ChessBase"]
[SourceDate "2012.04.24"]
[SourceVersion "1"]
[SourceVersionDate "2012.04.24"]
[SourceQuality "1"]

1. e4 c5 2. Nf3 a6 3. Nc3 e6 4. d4 cxd4 5. Nxd4 Qc7 6. Bd3 Nf6 7. O-O Bc5 8.
Nb3 Be7 9. f4 d6 10. e5 $1 {This typical sacrifice is known in the
Fischer-Sozin variation, but the structure is similar and the white bishop on
d3 plus the knight on b3 are a bit too far from the developments.} dxe5 ({
First of all it is not necessary to take the pawn} 10... Nfd7 11. exd6 (11. Qg4
$5) ({The original game was played at a slightly slower pace:} 11. Kh1 Nc6 12.
Qg4 O-O 13. Qh3 g6 14. f5 Ncxe5 15. fxe6 Nf6 16. Bg5 fxe6 17. Qh4 Qd8 18. Ne4
Neg4 19. Rf3 e5 20. h3 d5 21. Nxf6+ Bxf6 22. Rxf6 Nxf6 23. Rf1 Bf5 24. Bxf5
gxf5 25. Rxf5 Qc8 26. Rxf6 Qxc2 27. Qg3 Rxf6 28. Bxf6+ Qg6 29. Qxe5 Rf8 30.
Qxd5+ Rf7 31. Bc3 h6 32. Nd2 Kh7 33. Nf3 {1-0 Riemersma,L-Bistric,F/Caorle 1989
}) 11... Qxd6 (11... Bxd6 12. Ne4 (12. Qf3 Nc6 13. a3 O-O 14. Be3 b5 15. Bxb5
Bb7 16. Qd1 Nf6 17. Bd3 Rfd8 18. Qe2 Ne7 19. Bd2 Ned5 20. Nxd5 Bxd5 21. Ba5
Bc5+ 22. Kh1 Bb6 23. Bc3 {with advantage, Pogonina,N-Van Niekerk,L/ Mardin TUR
2011}) 12... Be7 13. Qh5 ({the pawn sacrifice} 13. f5 $6 exf5 14. Ng3 {is not
very convincing because of} g6 $1) (13. Bd2 Nf6 14. Qe2 Nbd7 15. Ng5 Nc5 16.
Nxc5 Bxc5+ 17. Kh1 h6 18. Nf3 O-O 19. Ne5 {followed by a strong attack}) 13...
O-O 14. Bd2 f5 15. Bc3 {is unpleasant for Black} (15. Ng5 Nf6 16. Qe2 Re8 17.
Nxe6 Qb6+ 18. Be3 Qd6 19. Ng5 b5 20. Rad1 Qc7 21. Nd4 Bc5 22. Bc4+ $1 bxc4 23.
Qxc4+ Kh8 24. Nf7+ Kg8 25. Nd6+ Be6 26. Nxe8 Bxc4 27. Nxc7 Ra7 28. Nxf5 Rxc7
29. Rd8+ Kf7 30. Rxb8 $18 {Najer,E-Rodin, D/Olginka 2011})) 12. Ne4 Qb6+ 13.
Kh1 Nf6 14. Qf3 (14. Bd2 O-O 15. Qf3 Nbd7 16. Rae1 Nxe4 17. Bxe4 Nf6 18. Bd3
Bd7 19. f5 Rfe8 20. fxe6 Bxe6 21. Bc3 Qc6 22. Qg3 {Caruana,F-Salvador,R/Arvier
2010. All white pieces look on the enemy king.}) 14... Nbd7 15. Be3 Qc7 16. Bd4
O-O 17. Nbd2 (17. Rae1 $5) 17... Rd8 (17... Nd5 18. Qg3 f6 19. Rad1 $14) 18.
Qh3 Nxe4 19. Nxe4 Nf8 20. Qe3 {with better play, Nepomniachtchi,I-Karttunen,M/
Plovdiv 2010}) 11. fxe5 Nfd7 (11... Qxe5 $6 {would be very risky:} 12. Bf4 Qh5
13. Be2 Qg6 (13... Qh4 $2 14. g3 ({after} 14. Bg3 {Black is not obliged to go
for} Qb4 15. Bc7 $1 {as in Wassermann-Suermann, DESC email 2002}) 14... Qh3 15.
Ne4 $1 {[%csl Re8,Rh3][%cal Re4d6,Re4f6,Re2g4]} (15. Bg5 Nbd7 16. Rf4 e5 17.
Rh4 Qe6 $13) 15... e5 (15... Nbd7 16. Nd4 {[%cal Re4g5,Re4f2]} (16. Nd6+ Bxd6
17. Qxd6 e5) 16... Nxe4 17. Bg4 Qxf1+ 18. Qxf1 O-O 19. Re1 $16) 16. Nd6+ (16.
Ng5 Qd7 17. Bxe5 Nc6 18. Bc3 h6 19. Nf3 O-O 20. Qxd7 Bxd7 21. Ne5 Nxe5 22. Bxe5
Bc6 23. Bf3 Rac8 24. Bxc6 Rxc6 25. c3 Nd7 26. Bd4 Re6 27. Rae1 Re8 28. Kf2 {
The endgame is slightly better for White, Vouldis,A-Dizdarevic,E/Manila 1992})
16... Bxd6 17. Qxd6 Nbd7) 14. Bd3 {[%emt 0:33:30] was played in Bok-Van Wely,
Eindhoven} ({A stronger move is} 14. Rf3 $1 {Mikhail Golubev} Nc6 15. Rg3 Qf5
16. Qd2 $40) (14. h4 $1 h5 ({Also insufficient is} 14... Nd5 15. Bh5 ({
stronger than} 15. h5 Nxc3 16. hxg6 Nxd1 17. gxf7+ Kxf7 18. Raxd1 $44) 15...
Nxc3 16. bxc3 Qe4 17. Bxb8 g6 18. Bd6 gxh5 19. Bxe7 Kxe7 20. Qxh5 $16) 15. Bg5
$1 $16 {White has strong pressure for the pawn, Vuckovic,B-Manolache,M/
Aix-les-Bains FRA 2011})) 12. Qg4 (12. Rxf7 $2 Kxf7 13. Qh5+ Kg8 (13... Kf8 $2
14. Be3 Qxe5 15. Rf1+ Bf6 16. Bc5+ $1 $18) 14. Qe8+ Nf8 $19) 12... g6 ({
Black can try to sac an exchange with} 12... O-O $143 13. Bh6 g6 {but,
unfortunately for Black, White is not obliged to take on f8 immediately. After}
(13... Qxe5 $2 14. Rae1 f5 15. Bxf5 $1 exf5 16. Qc4+ $18) 14. Qf4 $1 Nxe5 15.
Rae1 Nbc6 16. Be4 {Black's position is very unpleasant}) 13. Bh6 Nc6 ({A risky,
but a serious option is} 13... Nxe5 14. Qg3 (14. Qh3 $5) 14... Nbd7 (14... Nbc6
$5 15. Be4 $1 (15. Kh1 $6 f5 $1 {Zufic-N.Mamedov, Sarajevo 2010} 16. Rae1 Bd6
17. Qh4 Qd8 18. Qh3 Qe7 19. Be4 Bd7 20. Bxc6 bxc6 21. Nd4 Ng4 22. Re2 e5 23.
Rfe1 O-O-O 24. Qd3 Kb7 25. Na4 Ka7 26. Be3 c5 27. Qb3 Rb8 28. Qc4 Nxe3 29. Rxe3
cxd4 {0-1 Van Kampen, R-Spoelman,W/Eindhoven 2010}) 15... Bd7 {a principled
line seems to be} 16. Bxc6 $5 ({there is also} 16. Rad1 O-O-O 17. Bxc6) 16...
Bxc6 17. Bg7 Bd6 18. Bxh8 Nf3+ 19. Rxf3 Bxg3 20. Rxg3 {and the impression is
that White is better in this complex position because of the permanent
weakness of the dark squares in Black's camp.}) 15. Rae1 Bf8 16. Bxf8 Kxf8 17.
Kh1 Kg7 18. Ne4 Rf8 19. Ng5 Qd6 20. Nd4 $1 $16 {Zinchenko-Filip, Paleochora
2010}) 14. Qf4 ({It is necessary to test the direct idea} 14. Qh3 Ncxe5 15. Bg7
) 14... f5 $6 ({A very complicated game followed} 14... Ndxe5 15. Be4 f5 16.
Bxc6+ bxc6 17. Bg7 Bd6 18. Rad1 $1 ({it would be wrong to capture the rook} 18.
Bxh8 Ng4 19. Qa4 Bc5+ 20. Rf2 Bxf2+ 21. Kf1 Bb6) 18... Qxg7 19. Rxd6 O-O 20.
Nc5 Rb8 21. N3a4 g5 22. Qd4 Ng4 23. Qxg7+ Kxg7 24. Re1 {with clear
compensation for the pawn.}) 15. exf6 Qxf4 16. Rxf4 Nxf6 ({Black would obtain
an inferior endgame after the wrong} 16... Bxf6 17. Rxf6 Nxf6 18. Bg7 Rf8 19.
Rf1 Nd7 20. Bxf8 Nxf8 21. Ne4) 17. Raf1 Nd5 18. Nxd5 exd5 19. Re1 Bd7 20. c4 $6
({Clearly better was} 20. Bg5 Rf8 21. Bxe7 Nxe7 22. Rb4 b5 23. a4 bxa4 24. Nc5)
20... dxc4 21. Rxc4 Kd8 22. Be3 ({A serious advantage is promised by} 22. Be4)
22... Be6 23. Rcc1 Bxb3 24. axb3 {White has a powerful bishop pair, but Black
has serious defensive chances.} Bd6 25. Be4 ({It was better to exchange the
double pawn by} 25. Bb6+ Kd7 26. Red1 Rhf8 27. Be2 h5 28. b4 Rf6 29. b5 axb5
30. Bxb5) 25... Kc7 26. Rc4 Rhe8 27. Rec1 Kd7 28. Rd1 (28. Rxc6 {was wrong:}
Rxe4 29. R6c3 Rae8) 28... Kc7 29. Bd2 ({An advantage was kept after} 29. Bg5
Bc5+ 30. Rxc5 Rxe4 31. Rcd5) 29... a5 30. Ra1 (30. Rdc1 {was still better})
30... Bb4 $1 {Who cares about doubled pawns!?} 31. Bxb4 axb4 32. Rac1 Re6 33.
Rxb4 Rae8 34. Rcc4 Rd8 (34... b5 {was even possible:} 35. Rxc6+ Rxc6 36. Bxc6
Kxc6 37. Kf2 Ra8) 35. h3 ({It was slightly better to control the second rank by
} 35. Rc2) 35... Rd2 36. Rb5 Rxb2 37. b4 Rd6 38. Kh2 Rf6 39. Kg3 Rb3+ 40. Kh2
Rd6 {Black starts to think about playing for a win, but there is not any real
chance of that.} 41. h4 h6 42. Bf3 Rbd3 43. h5 gxh5 44. Rf4 R3d4 45. Rf7+ Rd7
46. Rf6 R7d6 47. Rf7+ 1/2-1/2